[Event "2nd Kalyan Dombivali 2019"]
[Site "Kalyan"]
[Date "2019.01.31"]
[Round "4"]
[White "Gusain, Himal"]
[Black "Subramanian, R M"]
[Result "1-0"]
[WhiteElo "2371"]
[BlackElo "1780"]
[Annotator "TA"]
[PlyCount "81"]
[EventDate "2019.01.28"]
[EventType "swiss"]
[EventRounds "10"]
[EventCountry "IND"]
[SourceTitle "playchess.com"]
[Source "ChessBase"]
[SourceQuality "1"]

{[%evp 14,81,6,-12,-2,-19,10,-8,7,7,10,0,6,-1,12,3,7,0,8,4,3,0,8,2,16,-7,-4,-9,-13,-55,-25,-46,43,47,46,41,39,47,51,31,51,25,27,33,138,24,27,30,268,178,322,314,384,301,298,279,324,272,348,329,391,393,788,772,787,773,749,737,29991,29992]} 1. Nf3 d6 $146 ({Predecessor:} 1... f5 2. d3 Nf6 3. c4 Nc6 4. Nc3 e5 5. g3 g6 6. Bg2 Bg7 7. O-O {½-½ (54) Takacs,B (2357)-Schwarhofer,C (2384) Austria 2017}) 2. c4 g6 3. Nc3 Bg7 4. d3 Nc6 5. g3 e5 6. Bg2 f5 7. O-O Nf6 8. Ne1 O-O {A26: English Opening vs King's Indian with ...Nc6 and d3} 9. Nc2 h6 10. f4 ({Predecessor:} 10. b4 g5 11. Nd5 Nxd5 12. Bxd5+ Kh8 13. Bb2 Qe8 14. Bg2 f4 15. e3 Qf7 16. Bd5 {½-½ (54) Takacs,B (2357)-Schwarhofer,C (2384) Austria 2017}) 10... Qe7 {The position is equal.} 11. Ne3 Nd4 12. Ned5 Qf7 13. Rb1 c6 14. Nxf6+ Qxf6 15. b4 Ne6 {White should prevent ...exf4.} 16. Bb2 exf4 17. gxf4 g5 18. e3 Qe7 19. Qd2 Bd7 20. Rbe1 Rae8 21. d4 gxf4 22. d5 fxe3 ({Black should play} 22... f3 $1 $15 23. Bxf3 Ng5) 23. Rxe3 $14 {[%mdl 64] [#] Pin} Bd4 $1 {White must now prevent ...Qg5.} 24. dxe6 Qxe6 25. Qxd4 {Threatening mate with Rg3+.} Qxe3+ 26. Qxe3 Rxe3 27. Rd1 $36 {[%mdl 2048] White fights for an advantage.} f4 $1 {[%cal Rf4f3] Threatens to win with ...f3.} 28. Kf2 ({Wrong is} 28. Rxd6 $2 f3 $19) 28... Be6 {[#]} (28... Bg4 $14 29. Rxd6 h5) 29. Bf1 (29. Ne4 $1 $16) 29... Bh3 $11 30. Be2 Re6 $2 (30... Bf5 $1 $11 {and Black has nothing to worry.}) 31. Bf3 a6 (31... Kf7 $142 32. b5 h5) 32. Ne4 $18 Rd8 33. Nf6+ Kf7 34. Nh5 Bf5 35. Nxf4 Re7 36. Bh5+ Kg8 37. Bf6 Re4 $2 (37... Red7 38. Rg1+ Kh7 39. Bxd8 Rxd8) 38. Bxd8 Rxf4+ 39. Kg3 Rxc4 40. Rxd6 Rxb4 41. Bf6 {Accuracy: White = 61%, Black = 31%.} 1-0

[Event "2nd Kalyan Dombivali 2019"]
[Site "Kalyan"]
[Date "2019.01.31"]
[Round "4"]
[White "Kathmale, Sameer"]
[Black "Javheri, Jaydev"]
[Result "1-0"]
[WhiteElo "2312"]
[BlackElo "1675"]
[Annotator "TA"]
[PlyCount "59"]
[EventDate "2019.01.28"]
[EventType "swiss"]
[EventRounds "10"]
[EventCountry "IND"]
[SourceTitle "playchess.com"]
[Source "ChessBase"]
[SourceQuality "1"]

{[%evp 17,59,66,65,69,75,72,60,30,25,28,23,12,47,42,80,72,85,84,114,107,122,94,106,97,423,387,397,385,1612,1591,5619,5306,1783,1254,2538,2245,5473,5473,29991,29992,29992,29993,29993,29994]} 1. e4 c5 2. Nf3 d6 ({Predecessor:} 2... e6 3. d4 cxd4 4. Nxd4 Nf6 5. Nc3 d6 6. Bg5 a6 7. Qd2 h6 8. Bxf6 gxf6 9. O-O-O {0-1 (31) Diz Suarez,C (1659)-Schroeder,G (2040) Hamburg 2005}) 3. d4 cxd4 4. Nxd4 Nf6 5. Nc3 Nc6 6. Bg5 e6 $146 (6... a6 7. Qd2 h6 8. Bxf6 gxf6 9. O-O-O {0-1 (65) Vera Siguenas,D (2494)-Adly,A (2620) Batumi 2018}) 7. Qd2 h6 8. Bxf6 gxf6 9. O-O-O a6 10. Nxc6 {B63: Sicilian: Richter-Rauzer: 7...Be7 and unusual Black 7th moves} (10. Kb1 Bd7 11. f4 Qb6 12. Nb3 O-O-O 13. Be2 h5 14. Rhf1 Kb8 15. Rf3 h4 16. Qe1 Be7 17. Bf1 Rh5 18. Rfd3 Bc8 19. Be2 Rhh8 20. Bf3 h3 21. g3 Bd7 {0-1 (65) Vera Siguenas,D (2494)-Adly,A (2620) Batumi 2018}) 10... bxc6 11. Bc4 Bb7 12. Rhe1 {White is slightly better.} Qa5 13. f4 O-O-O ({Predecessor:} 13... h5 14. Kb1 O-O-O 15. g3 d5 16. exd5 cxd5 17. Bb3 d4 {0-1 (31) Diz Suarez,C (1659)-Schroeder,G (2040) Hamburg 2005}) 14. Bb3 Kb8 15. Kb1 $36 {[%mdl 2048] White has some pressure.} Bg7 16. f5 exf5 17. exf5 Qxf5 18. Bxf7 Qd7 19. Bg6 Qg4 20. Qd3 Rhf8 $2 {[%mdl 8192]} (20... f5 $16 {is a better chance.} 21. Bxf5 Qg5) 21. Re7 $18 Bh8 22. Rde1 {[%cal Bd1e1,Be1e4,Be4b4][%mdl 32]} Bc8 $2 (22... Qb4 23. a3 Qb6) 23. R1e4 Qxg2 24. Rb4+ Ka8 25. a3 Qg1+ 26. Ka2 {[#] Intending Nd5! and mate.} Qc5 27. Na4 Qd5+ 28. Qxd5 {White mates.} cxd5 29. Nb6+ {[%mdl 64] [#] Double Attack} Kb8 30. Nxc8+ {Accuracy: White = 83%, Black = 23%.} 1-0

[Event "2nd Kalyan Dombivali 2019"]
[Site "Kalyan"]
[Date "2019.01.31"]
[Round "4"]
[White "Ramnathan, Balasubramaniam"]
[Black "Kshirsagar Nimesh Dinesh"]
[Result "1-0"]
[WhiteElo "2191"]
[BlackElo "1255"]
[Annotator "TA"]
[PlyCount "85"]
[EventDate "2019.01.28"]
[EventType "swiss"]
[EventRounds "10"]
[EventCountry "IND"]
[SourceTitle "playchess.com"]
[Source "ChessBase"]
[SourceQuality "1"]

{[%evp 17,85,18,22,0,0,0,41,44,108,118,164,164,170,128,156,156,152,168,181,173,296,179,389,405,396,383,440,416,364,364,541,348,552,344,333,351,310,321,374,370,479,470,739,724,839,697,692,697,685,682,703,694,845,845,840,841,829,821,910,834,832,816,841,825,965,956,988,987,992,985]} 1. Nf3 ({Predecessor:} 1. d4 Nf6 2. c4 g6 3. Nc3 Bg7 4. Nf3 O-O 5. g3 d6 6. Bg2 Nbd7 7. O-O e5 8. b3 Re8 9. Bb2 {0-1 (40) Wagner,F (2255)-Enders,P (2454) Germany 2012}) 1... Nf6 2. b3 g6 3. Bb2 Bg7 4. g3 $146 (4. c4 O-O 5. g3 d6 6. d4 Nbd7 7. Bg2 c6 8. O-O {½-½ (41) Caruana,F (2816)-Grischuk,A (2766) Paris 2018}) 4... O-O 5. Bg2 c6 6. c4 d6 7. O-O Re8 8. d4 Nbd7 9. Nc3 e5 10. Qc2 {E67: King's Indian: Fianchetto: 6...Nbd7} (10. e4 exd4 11. Nxd4 Nc5 12. Re1 Ng4 13. h3 Ne5 14. Re3 Qb6 15. Nc2 a5 16. Bf1 Be6 17. Rb1 a4 18. b4 Ncd7 19. Na3 Qxb4 20. Bc1 {½-½ (41) Caruana,F (2816)-Grischuk,A (2766) Paris 2018}) 10... e4 11. Ng5 {[%cal Rg5e4]} d5 12. cxd5 {White is slightly better.} Nxd5 (12... cxd5 $14 13. Nb5 Rf8) ({Predecessor:} 12... cxd5 13. Nb5 Bh6 14. Nc7 Bxg5 15. Nxa8 Re6 16. Qc7 Ne8 17. Qxd8 Bxd8 {0-1 (40) Wagner,F (2255)-Enders,P (2454) Germany 2012}) 13. Ngxe4 $16 (13. Ncxe4 $6 N7b6 $11) 13... N7f6 {[#]} 14. Nxf6+ $1 Nxf6 15. Rad1 Qa5 16. e4 Be6 17. Na4 Qh5 18. f3 Nd7 (18... b6 {was necessary.} 19. Bc1 (19. Qxc6 Rac8 $18) 19... Qa5) 19. g4 Qh4 $2 (19... Qa5 20. h3 Rad8) 20. d5 $18 cxd5 21. exd5 ({Less strong is} 21. Bxg7 f6 $18) 21... Bxg4 22. fxg4 Qxg4 {[#] aiming for ...Re2.} 23. Qc4 Qg5 (23... Qxc4 {is a better defense.} 24. bxc4 Re2 25. Bxg7 Kxg7) 24. Bxg7 Kxg7 (24... Rac8 $142 25. Rde1 Rxc4 26. Rxe8+ Kxg7 27. bxc4 b5) 25. Qf4 Qxf4 26. Rxf4 Rac8 27. Rf2 f5 28. Nb2 Ne5 29. d6 {White is clearly winning.} Rc3 (29... Red8 $142 30. Bxb7 Rb8) 30. Re2 Kf6 31. d7 Rd8 32. Rd6+ Ke7 33. Rd5 ({Worse is} 33. Rxe5+ Kxd6 34. Nc4+ Kxd7 $15) 33... Rc1+ 34. Kf2 Rxd7 35. Rexe5+ Kd8 36. Rxd7+ Kxd7 37. Bxb7 Kd6 38. Re1 Rc2+ 39. Re2 Rc7 40. Bg2 h6 41. Nc4+ Kd7 42. Ne5+ Ke6 43. Nxg6+ {[%mdl 64] Discovered Attack. Accuracy: White = 71%, Black = 28%.} 1-0

[Event "2nd Kalyan Dombivali 2019"]
[Site "Kalyan"]
[Date "2019.01.31"]
[Round "4"]
[White "Snehal, Bhosale"]
[Black "Ankur Mahesh Gokhale"]
[Result "1-0"]
[WhiteElo "2135"]
[BlackElo "1628"]
[Annotator "RC"]
[PlyCount "133"]
[EventDate "2019.01.28"]
[EventType "swiss"]
[EventRounds "10"]
[EventCountry "IND"]
[SourceTitle "playchess.com"]
[Source "ChessBase"]
[SourceQuality "1"]
[TimeControl "5400+30"]

1. d4 {[%emt 0:04:54]} Nf6 {[%emt 0:00:00]} 2. c4 {[%emt 0:00:20]} e5 {[%emt 0:00:00]} 3. dxe5 {[%emt 0:00:49]} Ng4 {[%emt 0:00:00]} 4. Nf3 {[%emt 0:00:06]} Bc5 {[%emt 0:00:06]} 5. e3 {[%emt 0:00:04]} Nc6 {[%emt 0:00:06]} 6. Nc3 {[%emt 0:00:18]} O-O {[%emt 0:00:16]} 7. Be2 {[%emt 0:00:19]} Re8 {[%emt 0:00:10]} 8. O-O {[%emt 0:00:17]} Ngxe5 {[%emt 0:00:06]} 9. Nxe5 {[%emt 0:00:14]} Nxe5 {[%emt 0:00:07]} 10. b3 {[%emt 0:00:09]} a5 {[%emt 0:00:23]} 11. Bb2 {[%emt 0:00:08]} Ra6 {[%emt 0:00:17]} 12. Qd5 {[%emt 0:00:19]} Ba7 {[%emt 0:01:06]} 13. Ne4 {[%emt 0:01:20]} Rh6 {[%emt 0:00:18]} 14. Bxe5 {[%emt 0:01:28]} c6 {[%emt 0:00:22]} 15. Bf6 {[%emt 0:00:12]} gxf6 {[%emt 0:00:10]} 16. Qf5 {[%emt 0:00:25]} Qe7 {[%emt 0:18:42]} 17. Qf4 {[%emt 0:10:23]} Rg6 {[%emt 0:01:58]} 18. Bd3 {[%emt 0:04:22]} f5 {[%emt 0:18:12]} 19. Ng3 {[%emt 0:02:26]} d5 {[%emt 0:02:18]} 20. cxd5 {[%emt 0:10:12]} cxd5 {[%emt 0:02:18]} 21. Nxf5 {[%emt 0:03:17]} Bxf5 {[%emt 0:04:27]} 22. Bxf5 {[%emt 0:08:34]} Bb8 {[%emt 0:00:32]} 23. Qf3 {[%emt 0:01:07]} Qe5 {[%emt 0:07:07]} 24. g3 {[%emt 0:00:55]} Rf6 {[%emt 0:03:51]} 25. Qg4+ {[%emt 0:01:26]} Kh8 {[%emt 0:00:37]} 26. Bd3 {[%emt 0:01:00]} Rg8 {[%emt 0:17:33]} 27. Qh3 {[%emt 0:02:02]} h6 {[%emt 0:01:17]} 28. Rac1 {[%emt 0:05:32]} Ba7 {[%emt 0:07:35]} 29. Kg2 {[%emt 0:06:07]} Re8 {[%emt 0:07:31]} 30. Rc8 {[%emt 0:01:33]} Rxc8 {[%emt 0:02:03]} 31. Qxc8+ {[%emt 0:00:11]} Kg7 {[%emt 0:00:18]} 32. Qg4+ {[%emt 0:11:56]} Qg5 {[%emt 0:03:13]} 33. Qxg5+ {[%emt 0:03:30]} hxg5 {[%emt 0:00:04]} 34. Rc1 {[%emt 0:00:18]} Rc6 {[%emt 0:00:29]} 35. Rxc6 {[%emt 0:00:09]} bxc6 {[%emt 0:00:05]} 36. Kf3 {[%emt 0:00:14]} Bb6 {[%emt 0:02:01]} 37. Kg4 {[%emt 0:00:00]} Bd8 {[%emt 0:00:47]} 38. Kf5 {[%emt 0:01:00]} Be7 {[%emt 0:00:35]} 39. Ba6 {[%emt 0:02:51]} Bc5 {[%emt 0:00:48]} 40. Kxg5 {[%emt 0:01:02]} d4 {[%emt 0:00:12]} 41. exd4 {[%emt 0:01:34]} Bxd4 {[%emt 0:00:05]} 42. f4 {[%emt 0:00:11]} Bg1 {[%emt 0:00:08]} 43. h4 {[%emt 0:01:17]} Bf2 {[%emt 0:00:11]} 44. g4 {[%emt 0:00:49]} f6+ {[%emt 0:00:35]} 45. Kh5 {[%emt 0:00:07]} Be3 {[%emt 0:00:34]} 46. f5 {[%emt 0:00:18]} Bd2 {[%emt 0:00:10]} 47. g5 {[%emt 0:00:09]} c5 {[%emt 0:00:08]} 48. Bb5 {[%emt 0:04:10]} Bc1 {[%emt 0:00:14]} 49. Be8 {[%emt 0:00:38]} Be3 {[%emt 0:00:21]} 50. Bg6 {[%emt 0:02:39]} Bc1 {[%emt 0:00:20]} 51. Kg4 {[%emt 0:00:31]} Bd2 {[%emt 0:00:08]} 52. gxf6+ {[%emt 0:00:58]} Kxf6 {[%emt 0:00:08]} 53. Kf3 {[%emt 0:00:05]} Ke5 {[%emt 0:00:17]} 54. Ke2 {[%emt 0:00:11]} Bf4 {[%emt 0:01:59]} 55. Kd3 {[%emt 0:00:35]} Kd5 {[%emt 0:00:54]} 56. Bf7+ {[%emt 0:01:06]} Ke5 {[%emt 0:00:13]} 57. Be6 {[%emt 0:00:05]} Bc1 {[%emt 0:00:14]} 58. Kc4 {[%emt 0:00:39]} Ba3 {[%emt 0:00:06]} 59. h5 {[%emt 0:00:43]} Bb4 {[%emt 0:00:18]} 60. h6 {[%emt 0:00:16]} Kf6 {[%emt 0:00:03]} 61. h7 {[%emt 0:00:17]} Kg7 {[%emt 0:00:04]} 62. Bg8 {[%emt 0:00:19]} Bd2 {[%emt 0:00:34]} 63. f6+ {[%emt 0:00:34]} Kh8 {[%emt 0:00:05]} 64. f7 {[%emt 0:00:44]} Bh6 {[%emt 0:00:03]} 65. Kb5 {[%emt 0:00:21]} Bf8 {[%emt 0:00:35]} 66. Kxa5 {[%emt 0:00:11]} Kg7 {[%emt 0:00:13]} 67. Kb5 {[%emt 0:00:41]} 1-0

[Event "2nd Kalyan Dombivali 2019"]
[Site "Kalyan"]
[Date "2019.01.31"]
[Round "4"]
[White "Satkar, Chirag"]
[Black "Shivshankar Iyer S"]
[Result "1-0"]
[WhiteElo "2071"]
[BlackElo "1619"]
[Annotator "NA RC"]
[PlyCount "84"]
[EventDate "2019.01.28"]
[EventType "swiss"]
[EventRounds "10"]
[EventCountry "IND"]
[SourceTitle "playchess.com"]
[Source "ChessBase"]
[SourceQuality "1"]
[TimeControl "5400+30"]

{[%evp 20,83,3,0,0,0,5,6,5,0,8,-20,0,-23,-11,32767,32767,32767,32767,-76,-59,-73,-70,-101,-71,-98,32767,-64,-50,-60,-56,-70,220,108,313,319,320,344,636,740,701,737,966,1026,1102,532,519,493,535,499,558,472,559,593,527,576,674,749,687,760,862,971,29999,1072,1054,1637]} 1. d4 {[%emt 0:06:11]} d5 {[%emt 0:00:00]} 2. c4 {[%emt 0:00:44]} e6 {[%emt 0:00:00]} 3. Nc3 {[%emt 0:00:40]} Nf6 {[%emt 0:00:00]} 4. cxd5 {[%emt 0:00:23]} exd5 {[%emt 0:00:07]} 5. Bg5 {[%emt 0:00:16]} Be7 {[%emt 0:00:24]} 6. e3 {[%emt 0:01:22]} O-O {[%emt 0:03:42]} 7. Qc2 {[%emt 0:06:47]} b6 {[%emt 0:02:18]} 8. Bd3 {[%emt 0:03:50]} h6 {[%emt 0:00:41]} 9. Bh4 {[%emt 0:00:37]} c5 {[%emt 0:04:02]} 10. Nge2 {[%emt 0:14:16]} Nc6 {[%emt 0:07:33]} 11. a3 {[%emt 0:01:38]} c4 {[%emt 0:07:44]} 12. Bf5 {[%emt 0:00:27]} a6 {[%emt 0:01:08]} 13. Bxc8 {[%emt 0:07:14]} Rxc8 {[%emt 0:00:05]} 14. Qf5 {[%emt 0:00:36]} Qd7 $1 {[%emt 0:03:07]} 15. Qf3 {[%emt 0:14:25]} Rfd8 {[%emt 0:00:06]} 16. O-O {[%emt 0:00:26]} g5 {[%emt 0:15:04]} 17. Bg3 {[%emt 0:00:48]} Qe6 {[%emt 0:00:17]} 18. h3 {[%emt 0:01:55]} h5 {[%emt 0:05:12]} 19. Be5 {[%emt 0:04:55]} (19. Bh2 $14 {keeps the upper hand.}) 19... Nxe5 {[%emt 0:02:30]} 20. dxe5 {[%emt 0:00:02]} Qxe5 {[%emt 0:00:08]} 21. Rfd1 {[%emt 0:02:51]} Bd6 {[%emt 0:08:52]} 22. Ng3 {[%emt 0:09:00]} h4 {[%emt 0:05:21]} (22... g4 $17 23. Qf5 Kf8) 23. Nf5 {[%emt 0:03:48]} ({Better is} 23. Nxd5 $11 Nxd5 24. Rxd5 Qxb2 {[%mdl 64] Double Attack} 25. Rxg5+ Kf8 26. Rf1) 23... Bf8 {[%emt 0:02:13]} 24. Rac1 {[%emt 0:02:08]} b5 {[%emt 0:02:50]} 25. Rc2 {[%emt 0:02:09]} Ne4 $2 {[%emt 0:03:55]} (25... Rd7 $15 {stays ahead.}) 26. Qg4 {[%emt 0:01:13]} f6 $2 {[%emt 0:04:46]} (26... Bg7 $16 {keeps fighting.}) 27. f4 {[%emt 0:00:40]} Qe8 {[%emt 0:08:09]} 28. fxg5 {[%emt 0:02:33]} ({Not} 28. Nxd5 Rc6 $18) 28... Qg6 $2 {[%emt 0:02:25]} (28... Nxg5 29. Nxd5 (29. Rxd5 Bc5 $18) (29. Qxh4 Rc7 $18) 29... Qe6) 29. Nxd5 {[%emt 0:00:51]} Re8 {[%emt 0:01:41]} 30. Nxh4 {[%emt 0:02:13]} Qxg5 {[%emt 0:01:29] [#]} 31. Nxf6+ $1 {[%emt 0:00:16] Double Attack, Pin} Kf7 {[%emt 0:01:42]} 32. Qxg5 {[%emt 0:01:07]} ({Weaker is} 32. Nxe4 Qxg4 33. Rf1+ (33. hxg4 Rxe4 34. Rf2+ Ke6 $16) 33... Kg7 $16) 32... Nxg5 {[%emt 0:00:05]} 33. Nxe8 {[%emt 0:00:04]} Rxe8 {[%emt 0:01:21]} 34. Rd7+ {[%emt 0:01:18]} Ke6 {[%emt 0:01:17]} 35. Ra7 {[%emt 0:00:56]} Bc5 {[%emt 0:00:30]} 36. Rxa6+ {[%emt 0:00:10]} Kd5 {[%emt 0:00:08]} 37. Nf5 {[%emt 0:04:26]} Re5 {[%emt 0:00:13]} 38. g4 {[%emt 0:02:00]} Bxe3+ {[%emt 0:01:24]} 39. Kg2 {[%emt 0:00:39]} Ne6 {[%emt 0:03:04]} 40. Rd6+ {[%emt 0:01:29]} Kc5 {[%emt 0:00:56]} 41. Rxe6 {[%emt 0:00:15]} (41. b4# $142) 41... Rxe6 {[%emt 0:01:07]} 42. Re2 $18 {[%emt 0:00:09]} Kd5 1-0

[Event "2nd Kalyan Dombivali 2019"]
[Site "Kalyan"]
[Date "2019.01.31"]
[Round "4"]
[White "Kadam Om Manish"]
[Black "Awade Pradeep"]
[Result "0-1"]
[WhiteElo "1944"]
[BlackElo "1538"]
[Annotator "NA RC"]
[PlyCount "82"]
[EventDate "2019.01.28"]
[EventType "swiss"]
[EventRounds "10"]
[EventCountry "IND"]
[SourceTitle "playchess.com"]
[Source "ChessBase"]
[SourceQuality "1"]
[TimeControl "5400+30"]

{[%evp 18,81,54,43,316,399,432,553,422,417,577,615,593,603,582,-20,0,-28,32767,32767,32767,32767,32767,-323,-321,-340,-291,32767,32767,32767,-211,-321,-303,32767,32767,32767,32767,32767,-228,-362,-271,-320,-358,-489,-445,-602,-620,-533,-599,-645,-604,-572,-698,-612,-400,-402,0,-582,-652,-821,-910,-1461,-1370,-1233,-1318,-29997]} 1. e4 {[%emt 0:00:00]} (1. d4 g6 {0-1 (26) Aleskerov,F (2289)-Miroshnichenko,E (2686) Baku 2010}) 1... g6 {[%emt 0:06:59]} 2. d4 {[%emt 0:00:20]} Bg7 {[%emt 0:00:01]} 3. f4 {[%emt 0:04:40]} c5 {[%emt 0:01:54]} 4. dxc5 {[%emt 0:05:28]} Qa5+ 5. c3 {[%emt 0:00:08]} (5. Bd2 Qxc5 6. Bc3 Nf6 7. Qd4 Qxd4 8. Bxd4 Nc6 9. Bc3 e5 10. Bd3 d5 11. exd5 Nxd5 12. fxe5 Nxe5 {0-1 (26) Aleskerov,F (2289)-Miroshnichenko,E (2686) Baku 2010}) 5... Qxc5 {[%emt 0:00:54]} 6. Nf3 {[%emt 0:00:20] B06: Modern Defence} d6 {[%emt 0:04:52]} 7. Bd3 {[%emt 0:01:13]} Nc6 {[%emt 0:07:02]} 8. Qe2 {[%emt 0:01:18]} Nf6 {[%emt 0:01:05]} 9. Na3 $146 {[%emt 0:04:45]} ({Predecessor:} 9. h3 Nh5 10. Qf2 Nb4 11. Qd2 Nxd3+ 12. Qxd3 f5 {0-1 (31) Eulering,G (2128)-Zubarev,A (2548) Boeblingen 2015}) 9... Be6 {[%emt 0:11:02]} 10. Nb5 {[%emt 0:02:06]} Rc8 $2 {[%emt 0:07:08] [#]} (10... Qb6 $14) 11. f5 $1 {[%emt 0:01:28]} Nxe4 {[%emt 0:09:18]} 12. fxe6 {[%emt 0:00:20]} ({And not} 12. Qxe4 Bxf5 13. Qe2 a6 $11) ({Not} 12. Bxe4 Bc4 $18 {[%mdl 64] Double Attack}) 12... Nxc3 {[%emt 0:06:02]} 13. exf7+ {[%emt 0:00:16]} ({Don't do} 13. bxc3 Bxc3+ 14. Nxc3 Qxc3+ 15. Qd2 Qxa1 $18) 13... Kxf7 {[%emt 0:00:43]} 14. Bc4+ {[%emt 0:06:51]} d5 {[%emt 0:02:25]} 15. Ng5+ {[%emt 0:02:29]} Ke8 {[%emt 0:00:45]} 16. Qe6 $2 {[%emt 0:05:30]} ({White must play} 16. bxc3 $18 dxc4 17. Ne6 {[%mdl 64] Double Attack} Qxb5 18. Nxg7+ Kd7 19. O-O) 16... Nd8 {[%emt 0:01:15]} 17. Qg4 {[%emt 0:18:08]} Qxc4 {[%emt 0:17:24]} 18. Qxc4 {[%emt 0:00:13]} Rxc4 {[%emt 0:00:02]} 19. Nxc3 {[%emt 0:00:14]} Rxc3 {[%emt 0:00:02]} 20. Kd1 {[%emt 0:08:37]} Rc4 {[%emt 0:01:30]} 21. Re1 {[%emt 0:02:04]} h6 {[%emt 0:00:29]} 22. Nf3 {[%emt 0:00:04]} Nc6 {[%emt 0:01:35]} 23. Be3 {[%emt 0:03:08]} d4 {[%emt 0:02:20]} ({Don't play} 23... Bxb2 24. Rb1) 24. Rc1 {[%emt 0:03:01]} (24. Bd2 {keeps fighting.}) 24... Rxc1+ {[%emt 0:02:16]} 25. Bxc1 {[%emt 0:00:03]} g5 {[%emt 0:01:03]} 26. Re4 {[%emt 0:00:31]} e5 {[%emt 0:00:35]} 27. h4 {[%emt 0:00:46]} Bf6 {[%emt 0:00:55]} 28. a3 {[%emt 0:05:57]} (28. hxg5 {might work better.} hxg5 29. Bxg5) 28... Kd7 {[%emt 0:02:25]} 29. b4 {[%emt 0:03:28]} b5 {[%emt 0:00:19]} 30. Kc2 {[%emt 0:00:53]} (30. hxg5 {is a better defense.} hxg5 31. Bxg5 Bxg5 32. Nxg5) 30... Ke6 {[%emt 0:01:01]} 31. Bd2 {[%emt 0:03:31]} (31. hxg5 $142 hxg5 32. Bxg5) 31... Kf5 {[%emt 0:00:32]} 32. Kd3 {[%emt 0:00:15]} g4 {[%emt 0:00:24]} 33. Nh2 {[%emt 0:09:12]} h5 {[%emt 0:00:01]} 34. Be1 {[%emt 0:01:14]} Ne7 {[%emt 0:00:51]} 35. Nf1 $1 $11 {[%emt 0:04:11]} Kg6 {[%emt 0:02:25]} (35... Ng6 36. Ng3+ Ke6 37. Bd2) 36. Bg3 {[%emt 0:01:04]} Kf5 $2 {[%emt 0:00:50]} ({Black should try} 36... Nf5 $19 37. Bxe5 Rc8 38. Bxf6 Kxf6) 37. Re2 $2 {[%emt 0:02:33]} Rc8 {[%emt 0:01:04]} 38. Rf2+ {[%emt 0:00:53]} Ke6 {[%emt 0:01:33]} 39. Nd2 {[%emt 0:00:38]} Rc3+ {[%emt 0:00:28]} 40. Ke2 {[%emt 0:00:04]} Nd5 {[%emt 0:01:36]} 41. Bh2 {[%emt 0:00:32]} g3 {[%emt 0:01:19]} 0-1